Social deprivation, an obstetric problem? : a study of obstetric outcome in squatter settlements in Kuala Lumpur, Malaysia /
Saved in:
| Main Author: | |
|---|---|
| Format: | Thesis Book |
| Language: | English |
| Published: |
1982
|
| Subjects: | |
| Tags: |
Add Tag
No Tags, Be the first to tag this record!
|
| LEADER | 00990cam a2200289 a 4500 | ||
|---|---|---|---|
| 001 | u52077 | ||
| 003 | SIRSI | ||
| 008 | 871127s1982 uk v 00 eng | ||
| 015 | |a X870080872 | ||
| 035 | |a AAF-6008 | ||
| 040 | |a UMP | ||
| 043 | |a a-my--- | ||
| 096 | |a WA310 |b Lei 1982 | ||
| 100 | 1 | 0 | |a Leigh, Bailah. |
| 245 | 1 | 0 | |a Social deprivation, an obstetric problem? : |b a study of obstetric outcome in squatter settlements in Kuala Lumpur, Malaysia / |c Bailah Leigh. |
| 260 | |c 1982 | ||
| 300 | |a 102, xxxii leaves : |b ill. ; |c 30 cm. | ||
| 502 | |a Dissertation (M.Sc. in Mother and Child Health) - Institute of Child Health, University of London, 1982. | ||
| 504 | |a Bibliography: leaves i-vi | ||
| 650 | 0 | |a Poor |z Malaysia. | |
| 650 | 2 | |a Infant, Low Birth Weight. | |
| 650 | 2 | |a Anemia. | |
| 650 | 2 | |a Pregnancy Complications. | |
| 650 | 2 | |a Maternal Welfare. | |
| 948 | |a 16/03/1991 |b 09/10/1995 | ||
| 596 | |a 2 | ||
| 999 | |a WA310 LEI 1982 |w NLM |c 1 |i A502454633 |l TESIS |m P02MEDKL |r Y |s Y |t TESIS |u 23/9/1995 | ||
